Compte rendu de la XI:e session du Congres geologique international (Stockholm 1910) ...
| Corporate Author: | |
|---|---|
| Format: | Conference Proceeding Book |
| Language: | French English German |
| Published: |
Stockholm :
Kungl. boktryckeriet, P.A. Norstedt & soner,
1912.
|
| Subjects: |
MARC
| Tag | First Indicator | Second Indicator | Subfields |
|---|---|---|---|
| LEADER | 00000cam a2200000 4500 | ||
| 001 | in00000687921 | ||
| 005 | 20151016050610.0 | ||
| 008 | 780117s1912 sw abf 10010 fre c | ||
| 010 | |a gs 14000277 | ||
| 035 | |a (OCoLC)03564824 | ||
| 035 | |9 ADA5510AM | ||
| 040 | |a U.S. Geol. Survey. Library |c HDC |d OCL |d TXA |d UtOrBLW | ||
| 041 | 0 | |a fre |a eng |a ger | |
| 049 | |a TXAM |v 1 [213451] |v 2 [213452] | ||
| 050 | 0 | 0 | |a QE1 |b .I6 1910 |
| 111 | 2 | |a International Geological Congress |n (11th : |d 1910 : |c Stockholm) | |
| 245 | 1 | 0 | |a Compte rendu de la XI:e session du Congres geologique international (Stockholm 1910) ... |
| 264 | 1 | |a Stockholm : |b Kungl. boktryckeriet, P.A. Norstedt & soner, |c 1912. | |
| 300 | |a 2 volumes : |b illustrations, plates (part folded) maps (part folded) color folded profiles, diagrams ; |c 26 cm. | ||
| 336 | |a text |b txt |2 rdacontent | ||
| 337 | |a unmediated |b n |2 rdamedia | ||
| 338 | |a volume |b nc |2 rdacarrier | ||
| 500 | |a Contributions in English, French, or German. | ||
| 650 | 0 | |a Geology |v Congresses. | |
| 999 | |a MARS | ||
| 999 | f | f | |s 9643750c-b2d9-3b88-a28e-59a8a4638bb3 |i 822ee012-d4e1-3e2c-8ead-4ed99bf72e4c |t 0 |
| 952 | f | f | |p ric |a Texas A&M University |b Rellis Campus |c Joint Library Facility |d Remote Storage |t 0 |e QE1 .I6 1910 |h Library of Congress classification |i unmediated -- volume |k v.2 |m A14804740780 |
| 952 | f | f | |p ric |a Texas A&M University |b Rellis Campus |c Joint Library Facility |d Remote Storage |t 0 |e QE1 .I6 1910 |h Library of Congress classification |i unmediated -- volume |k v.1 |m A14804740772 |
| 998 | f | f | |a QE1 .I6 1910 |s v.1-v.2 |t 0 |l Remote Storage |